Central Library OPAC University of Rajshahi
Normal view MARC view

Entry Personal Name

Number of records used in: 1

001 - CONTROL NUMBER

  • control field: 16029

003 - CONTROL NUMBER IDENTIFIER

  • control field: BD-RjUL

005 - DATE AND TIME OF LATEST TRANSACTION

  • control field: 20250714162947.0

008 - FIXED-LENGTH DATA ELEMENTS

  • fixed length control field: 250714|| aca||aabn | a|a d

040 ## - CATALOGING SOURCE

  • Original cataloging agency: BD-RjUL
  • Transcribing agency: BD-RjUL

100 ## - HEADING--PERSONAL NAME

  • Personal name: حسىن، خواجہ منظور ;; Hussain, Khwaja Manzoor

670 ## - SOURCE DATA FOUND

  • Source citation: Work cat.: (BD-RjUL)85200: انصارى، سجّاد على ;; Ansari, Sajjad Ali 16028, محشر خيال / Maḥshar-i k̲h̲ayāl /, 1957